Ultimate visual dictionary (Record no. 36703)

MARC details
000 -LEADER
fixed length control field 00471nam a2200169Ia 4500
020 ## - INTERNATIONAL STANDARD BOOK NUMBER
ISBN 1564586480
050 ## - CALL MARK
Classification number PE 1629 .D67/
245 #0 - TITLE STATEMENT
Title Ultimate visual dictionary
260 ## - PUBLICATION, DISTRIBUTION, ETC. (IMPRINT)
Place of publication London
260 ## - PUBLICATION, DISTRIBUTION, ETC. (IMPRINT)
Name of publisher Dorling Kindersley
260 ## - PUBLICATION, DISTRIBUTION, ETC. (IMPRINT)
Year of publication 1994
300 ## - PHYSICAL DESCRIPTION
Number of Pages 640 p
650 ## - SUBJECT ADDED ENTRY--TOPICAL TERM
Topical Term Picture dictionaries, English Visual dictionary Resimli sözlükler, İngilizce Görsel sözlük
942 ## - ADDED ENTRY ELEMENTS (KOHA)
Koha item type Books
Holdings
Withdrawn status Lost status Source of classification or shelving scheme Damaged status Not for loan Permanent Location Current Location Date acquired Accession Number Price effective from Koha item type
    Library of Congress Classification     NILE UNIVERSITY OF NIGERIA - MAIN LIBRARY NILE UNIVERSITY OF NIGERIA - MAIN LIBRARY 04/23/2025 0000780 04/23/2025 Books